Statistics for Countries with the Most Libraries

Click here to take the quiz!

General Stats

  • This quiz has been taken 39 times
  • The average score is 8 of 10

Answer Stats

Number of LibrariesCountry% Correct
51,311China
97%
46,000Russia
97%
9,042United States
97%
8,195Germany
92%
29,800India
83%
7,260Mexico
83%
7,000Italy
81%
8,290Poland
61%
18,323Ukraine
58%
6,691Vietnam
31%

Score Distribution

Percentile by Number Answered

Percent of People with Each Score

Your Score History

You have not taken this quiz